00422nam a2200145Ia 450000500170000000800410001702000180005808200230007610000670009924500350016626000300020130000140023144000090024565000220025420241105083141.0240126s9999 xx 000 0 und d a9788181476418 a001.6424JAV MCG;1 aMcGovern, James. Tyagi, Sameer. Stevens, Michael E ...[et al.] 0aJava web services architecture bElsevieraAmsterdamc2003 axxii, 833 aNULL aJava,architecture